| 000 | 00000nam##2200000za#4500 |
| 001 | 9.640879 |
| 003 | CaOODSP |
| 005 | 20230201095211 |
| 007 | cr ||||||||||| |
| 008 | 150407|2007||||xxc|||||o f|0| 0 fre|d |
| 040 | |aCaOODSP|bfre |
| 043 | |an-cn--- |
| 086 | 1 |aPS64-95/2007F-PDF |
| 110 | 2 |aGendarmerie royale du Canada. |
| 245 | 10|aProjet SPAWN : |h[ressource électronique]|bune évaluation stratégique des activités criminelles et de l'infiltration du crime organisé dans les aéroports de catégorie 1 du Canada / |c[par] GRC - Renseignements criminels. |
| 260 | |aOttawa - Ontario : |bGendarmerie royale du Canada |c[2007]. |
| 300 | |a23p.|bfigures, tableaux |
| 500 | |a«La présente évaluation stratégique repose sur des dossiers datés entre les mois de janvier 2005 et d'août 2007». |
| 590 | |a12-40-Supp|b2012-10-23 |
| 691 | 07|aCrime organisé|2gcpds |
| 691 | 07|aAéroport|2gcpds |
| 775 | 08|tProject SPAWN : |w(CaOODSP)9.696773 |
| 856 | 40|ahttp://publications.gc.ca|qPDF|s1.01 Mo|uhttps://publications.gc.ca/collections/collection_2012/grc-rcmp/PS64-95-2007-fra.pdf |